000
00324nam a2200145 4500
008
190521s2000||||xo d
245
1
0
_a
Chlieb náš každodenný
260
_b
Internacional
_a
Lucenec
_c
2000
250
_a
1.vydanie
300
_a
192s.
020
_c
0
041
1
_a
slo
044
_a
xo
_c
SK
958
_a
APR
999
_c
22421
_d
22421